Italia caminada
Na minha lista:
| Formato: | Livro |
|---|---|
| Idioma: | espanhol |
| Publicado em: |
Santiago
Instituto Italiano di Cultura in Cile
1989
|
| Assuntos: | |
| Tags: |
Adicionar Tag
Sem tags, seja o primeiro a adicionar uma tag!
|
MARC
| LEADER | 00000nam a2200000 a 4500 | ||
|---|---|---|---|
| 001 | UCX1897 | ||
| 003 | CL-VaPUC | ||
| 008 | 901114e19890000CL |||||||||||||||||spa|d | ||
| 082 | 0 | 4 | |a Ch863 |b MIS |2 21 |
| 245 | 1 | 0 | |a Italia caminada |
| 300 | |a 121 p | ||
| 942 | |c BK | ||
| 945 | |d 19901114 00:00:00 | ||
| 260 | |a Santiago |b Instituto Italiano di Cultura in Cile |c 1989 | ||
| 650 | 0 | |a Prosa chilena |9 267787 | |
| 650 | 0 | |a Literatura chilena |9 308278 | |
| 583 | |a last modification |c 19901114 00:00:00 |k Rodrigo Vera | ||
| 999 | |c 223030 |d 223028 | ||
| 952 | |0 0 |1 0 |4 0 |6 CH_863_000000000000000_MIS_1989 |7 0 |8 A |9 218424 |a BIBEDU |b BIBEDU |c ES_NOD |d 2019-11-15 |i 2872609 |o Ch863 MIS 1989 |p 2872609 |r 2023-08-09 |w 2019-11-15 |y BK |k LIT | ||